Normal view
MARC view
Entry Topical Term
001 - CONTROL NUMBER
- control field: 63238
003 - CONTROL NUMBER IDENTIFIER
- control field:
005 - DATE AND TIME OF LATEST TRANSACTION
- control field: 20250225104400.0
008 - FIXED-LENGTH DATA ELEMENTS
- fixed length control field: 250225|| aca||aabn | a|a d
040 ## - CATALOGING SOURCE
- Original cataloging agency:
- Transcribing agency:
150 ## - HEADING--TOPICAL TERM
- Topical term or geographic name entry element: Adị, Yinoluwa S., 1946-
670 ## - SOURCE DATA FOUND
- Source citation: Work cat.: ()5742: ADI, S. Y. aut 63237, Yinoluwa :, 2001
